000
00317nam a22001337a 4500
020
_a
NA
082
_2
22
_a
512.9
100
_a
Dugoplski ; mark,
245
_a
Inter mediate algebra /
250
_a
3rd
260
_b
Mc Graw Hill higher Edducation,
_c
c2000
300
_a
XXii,1152 p, ;
_b
NA
_c
24 cm.
942
_2
ddc
_c
MATHS
999
_c
3718
_d
3718